Restaurants By Google Review #3 - Statistics

General Stats
  • This quiz has been taken 31 times
  • The average score is 6 of 8
Answer Stats
Question Answer % Correct
My goto items on their menu has been their Chicken Noodle Soup and their Spicy Chicken Sandwich. I like the fact the chicken fillets are freshly made. My son loves his meal always and likes the nuggets. They also give small gifts as part of their kids meal which is a nice touch. Chick-Fil-A
100%
First time visitor after someone told me they serve more than ice cream. Wow what a great diverse food selection. This place is more of a diner than a fast food joint. I enjoyed the Reuben Melt! Will be back to try other things. Culver's
100%
Always had good experiences here. Their Breakfast Baconator is always hot and fresh. Gotta love that fresh cracked egg, and the potatoes are yummy, too. Wendy's
100%
Their portions get smaller while their prices go up. They were out of most all baked goods. I had their home style chicken noodle soup. There was maybe four noodles in the whole bowl. Mostly broth and carrots. Spend your hard earned money elsewhere! Panera Bread
83%
Expensive for what you're getting, better off going to Chipotle or Moe's... service stinks, store was messy, food wasn't that good Qdoba
67%
cant get an order correct. ordered a nacho grande wint no guac and no bean dip. got an order with only guac and cheese. and btw it was extra guac why idk but yeah not coming back here. Taco Bell
67%
Live in north Carolina, used to live in Ohio, next to family, ********* is missed very much . Bought 12, and some new chicken rings. Hot and fresh. Good stuff 👏👍 White Castle
67%
We usually have a great experience here, especially inside,, but the drive through is not as great. This time they missed half the veggies on my sandwich and put my husbands mustard on my chicken teriyaki. It was gross. Please write down the orders as they come instead of making the sandwich as you go and mixing them all up horribly. I tried calling to leave a message to let them know because I didn’t get to eat my diner inter 10pm, but they also don’t have an answering machine. Subway
50%
No matching quizzes found
Score Distribution
Percent of People with Each Score
Percentile by Number Answered
Your Score History
You have not taken this quiz